Logo biblioteca
Santa Fe 2917, Rosario, Santa Fe
Lu-Vi 8 a 19.45
+54-341-4232362
bibliotecaeudoro@gmail.com
Facebook Biblioteca Pedagógica
Sitio web

El rol protagónico del lector / (Registro nro. 32575)

Detalles MARC
000 -CABECERA
campo fijo de control de longitud 01202nab a2200253 4500
003 - IDENTIFICADOR DEL NÚMERO DE CONTROL
campo de control AR-RoBPED
005 - FECHA Y HORADE LA ULTIMA TRANSACCION
campo de control 20260420094457.0
008 - ELEMENTOS DE LONGITUD FIJA--INFORMACION GENERAL
campo fijo de control de longitud 260420b |||||||| |||| 00| 0 spa d
040 ## - FUENTE CATALOGADORA
Centro catalogador/agencia de origen AR-RoBPED
041 ## - IDIOMA
Código de idioma para texto/pista de sonido o título independiente spa
100 1# - ENCABEZAMIENTO PRINCIPAL--AUTOR PERSONAL
Nombre de persona Caron, Bettina
9 (RLIN) 10189
Función Profesora y licenciada en Letras. Especialista en Promoción de la Lectura
245 13 - TITULO
Título El rol protagónico del lector /
260 ## - PUBLICACION
Lugar Buenos Aires :
Editor Noveduc,
Fecha 2024
300 ## - DESCRIPCION FISICA
Extensión 6-9 p.
500 ## - NOTA GENERAL
Nota general En tiempos de encendidos debates acerca de "los problemas de comprensión lectora", la autora entrelaza aportes de pensadores y científicos que, desde corrientes diversas, se refieren a la dimensión subjetiva del lector. Y, en ese recorrido, va encontrando claves para desarrollar experiencias genuinas de lectura en la escuela y en otros ámbitos de formación.
650 #7 - TERMINO DE MATERIA--CONTROLADO
Término controlado EXPERIENCIA PEDAGOGICA
9 (RLIN) 3265
Término controlado LITERATURA
9 (RLIN) 244
Término controlado LECTURA
9 (RLIN) 160
Término controlado LECTOR
9 (RLIN) 10925
Término controlado ESCUELA
9 (RLIN) 20136
773 0# - DOCUMENTO FUENTE
Host Biblionumber 20414
Host Itemnumber 41862
Place, publisher, and date of publication Buenos Aires : Noveduc, 1993-
Título Novedades Educativas
Record control number (AR-RoBPED)20414
International Standard Serial Number 03283534
942 ## - ELEMENTOS KOHA
Fuente de clasificación Universal Decimal Classification
Koha tipo de ítem Revistas
Clasificación 37(05)
Signatura librística Nov 86 N° 399 (Nov.2024)
Número Koha k.32575
945 ## - PROCESAMIENTO DE LA INFORMACIÓN LOCAL
Catalogador y fecha mar 04/2026

No hay ítems disponibles.